Marketing a internet: jaké jsou aktuální trendy?

Problematika internetového marketingu a marketingovej komunikácie v poisťovníctve. Nástroj, ako dosiahnuť lepšie výsledky pri získavaní a udržiavaní si klientov. Dostupnosť informácií a spôsob prístupu na webové stránky poisťovní.

Gespeichert in:
Bibliographische Detailangaben
1. Verfasser: Janouch, Viktor
Format: Buchkapitel
Sprache:Tschechisch
Schlagworte:
Tags: Tag hinzufügen
Keine Tags, Fügen Sie das erste Tag hinzu!

MARC

LEADER 00000naa a2200000 4500
001 0204719
005 20220729111519.5
041 0 |a cze 
044 |a CZ 
245 1 0 |a Marketing a internet: jaké jsou aktuální trendy?  |c Viktor Janouch 
520 |a Problematika internetového marketingu a marketingovej komunikácie v poisťovníctve. Nástroj, ako dosiahnuť lepšie výsledky pri získavaní a udržiavaní si klientov. Dostupnosť informácií a spôsob prístupu na webové stránky poisťovní. 
610 2 0 |a poisťovníctvo 
610 2 0 |a poisťovne 
610 2 0 |a poisťovatelia 
610 2 0 |a zmluvy poistné 
610 2 0 |a portfólio 
610 2 0 |a internet 
610 2 0 |a komunikácia marketingová 
100 1 |a Janouch, Viktor